[Event "Ceske sachove vanoce 2009"]
[Site "Litomysl (CZE)"]
[Date "2010.01.02"]
[Round "9.2"]
[White "Bernasek, Jan"]
[Black "Tazbir, Marcin"]
[Result "1-0"]
[WhiteElo "2476"]
[BlackElo "2497"]
[PlyCount "61"]
[EventDate "2009.12.26"]

1. d4 d5 2. c4 dxc4 3. Nf3 Nf6 4. e3 a6 5. Bxc4 b5 6. Bd3 Bb7 7. a4 b4 8. Nbd2
e6 9. e4 c5 10. e5 Nd5 11. Nc4 cxd4 12. Bg5 Qd7 13. Rc1 Nc6 14. O-O h6 15. Bh4
Bc5 16. Nfd2 O-O 17. Ne4 Be7 18. Bf6 gxf6 19. Qg4+ Kh8 20. Qh4 Kg7 21. Nb6 Qd8
22. Nxd5 exd5 23. Ng3 Rh8 24. exf6+ Bxf6 25. Nh5+ Kf8 26. Nxf6 Ne5 27. Bf5 Qd6
28. Rfe1 Bc6 29. Nh7+ Rxh7 30. Bxh7 d3 31. Qd4 1-0

[Event "Ceske sachove vanoce 2009"]
[Site "Litomysl (CZE)"]
[Date "2010.01.02"]
[Round "9.3"]
[White "Kulhanek, Tomas"]
[Black "Petr, Martin"]
[Result "1/2-1/2"]
[WhiteElo "2441"]
[BlackElo "2495"]
[PlyCount "142"]
[EventDate "2009.12.26"]

1. e4 c5 2. f4 e6 3. Nf3 d5 4. Nc3 Nf6 5. Bb5+ Bd7 6. Bxd7+ Qxd7 7. Ne5 Qc7 8.
Qe2 Be7 9. O-O O-O 10. d3 Nc6 11. Nxc6 Qxc6 12. Bd2 dxe4 13. dxe4 c4 14. Kh1 b5
15. e5 Nd7 16. Ne4 Nc5 17. Ng3 Bh4 18. Nh5 g6 19. Qg4 Be7 20. Nf6+ Bxf6 21.
exf6 Ne4 22. Qh4 Rfd8 23. Qh6 Nxf6 24. Bc3 Ne8 25. f5 exf5 26. Rae1 Nf6 27.
Rxf5 Rd6 28. Rfe5 b4 29. Bxb4 Ng4 30. Qf4 Nxe5 31. Bxd6 Qxd6 32. Qxe5 Qxe5 33.
Rxe5 Rd8 34. h3 Rd2 35. Ra5 Rxc2 36. Rxa7 Rxb2 37. a4 c3 38. Rc7 c2 39. Kh2 Ra2
40. a5 Kg7 41. a6 g5 42. a7 Rxa7 43. Rxc2 Kg6 44. Rc4 Kf5 45. h4 h6 46. hxg5
hxg5 47. g4+ Ke5 48. Kg3 Ra3+ 49. Kf2 Rd3 50. Rc5+ Rd5 51. Rc7 f6 52. Ke3 Ra5
53. Re7+ Kd6 54. Rb7 Ra3+ 55. Kf2 Ra4 56. Kf3 Rf4+ 57. Kg3 Rd4 58. Kf3 Rd3+ 59.
Kf2 Ke5 60. Rb5+ Ke4 61. Rb4+ Rd4 62. Rb6 Rd2+ 63. Kg3 Rd3+ 64. Kg2 Ke5 65.
Rb5+ Rd5 66. Rb6 Rd6 67. Rb4 Rd4 68. Rb5+ Kf4 69. Rf5+ Ke3 70. Rf3+ Ke2 71.
Rf2+ Ke3 1/2-1/2

[Event "Ceske sachove vanoce 2009"]
[Site "Litomysl (CZE)"]
[Date "2010.01.02"]
[Round "9.4"]
[White "Svoboda, Vaclav"]
[Black "Biolek, Richard"]
[Result "0-1"]
[WhiteElo "2292"]
[BlackElo "2385"]
[PlyCount "43"]
[EventDate "2009.12.26"]

1. e4 e5 2. Nf3 Nc6 3. Bb5 a6 4. Ba4 f5 5. d4 exd4 6. e5 Bc5 7. O-O Nge7 8. Bb3
h6 9. Re1 d5 10. exd6 Qxd6 11. Nbd2 b5 12. a4 Rb8 13. axb5 axb5 14. Nf1 Kf8 15.
Ng3 g5 16. c3 Kg7 17. Ne2 d3 18. Nf4 Rd8 19. Ne6+ Bxe6 20. Rxe6 Qd7 21. Qd2 Rf8
22. Ra6 {30 moves} 0-1

[Event "Ceske sachove vanoce 2009"]
[Site "Litomysl (CZE)"]
[Date "2010.01.02"]
[Round "9.5"]
[White "Stupak, Kirill"]
[Black "Sodoma, Jan"]
[Result "1-0"]
[WhiteElo "2456"]
[BlackElo "2355"]
[PlyCount "45"]
[EventDate "2009.12.26"]

1. d4 f5 2. g3 Nf6 3. Bg2 e6 4. Nf3 d5 5. O-O Bd6 6. b3 Qe7 7. c4 c6 8. Bb2 b6
9. Qc1 Bb7 10. Ba3 Bxa3 11. Nxa3 Nbd7 12. cxd5 exd5 13. Nc2 O-O 14. Qe3 Qd6 15.
Qf4 Qxf4 16. gxf4 Nh5 17. e3 a5 18. Rfd1 Ba6 19. Ne5 Nxe5 20. dxe5 g6 21. Nd4
Bb7 22. Rac1 Rac8 23. Nxc6 1-0

[Event "Ceske sachove vanoce 2009"]
[Site "Litomysl (CZE)"]
[Date "2010.01.02"]
[Round "9.6"]
[White "Bulski, Krzysztof"]
[Black "Heinzel, Olaf"]
[Result "1-0"]
[WhiteElo "2416"]
[BlackElo "2332"]
[PlyCount "119"]
[EventDate "2009.12.26"]

1. d4 d5 2. c4 e6 3. Nc3 f5 4. Nf3 Nf6 5. g3 c6 6. Bg2 Bd6 7. O-O O-O 8. b3 Qe7
9. Ne1 Nbd7 10. Qc2 Ne4 11. Nd3 g5 12. Bb2 Ndf6 13. Nd1 g4 14. Bc1 Qg7 15. Bf4
Bxf4 16. Nxf4 Bd7 17. Nb2 Rae8 18. Nbd3 Re7 19. a4 h5 20. Ne5 Be8 21. f3 Ng5
22. Qd2 Qh6 23. Qb4 Rh7 24. Qd6 Nd7 25. cxd5 exd5 26. Qxh6 Rxh6 27. Ned3 Ne6
28. Nxe6 Rxe6 29. Kf2 Bf7 30. Rad1 Rfe8 31. Nf4 Re3 32. Rd3 Rxd3 33. Nxd3 Kg7
34. h3 Nf8 35. hxg4 hxg4 36. Rh1 gxf3 37. Bxf3 Ne6 38. e3 Rh8 39. Rxh8 Kxh8 40.
b4 Kg7 41. a5 Kf6 42. b5 Nc7 43. bxc6 bxc6 44. Bd1 Be8 45. Ba4 Ke6 46. Kf3 Kd6
47. Kf4 Bd7 48. Nc5 Nb5 49. Nxd7 Kxd7 50. Bc2 Kd6 51. Bxf5 c5 52. dxc5+ Kxc5
53. g4 d4 54. Bd3 Nd6 55. e4 Nf7 56. g5 Kd6 57. g6 Ne5 58. g7 Ng6+ 59. Kf3 Ne7
60. Bc4 1-0

[Event "Ceske sachove vanoce 2009"]
[Site "Litomysl (CZE)"]
[Date "2010.01.02"]
[Round "9.7"]
[White "Plat, Vojtech"]
[Black "Cerveny, Martin"]
[Result "1-0"]
[WhiteElo "2388"]
[BlackElo "2353"]
[PlyCount "135"]
[EventDate "2009.12.26"]

1. e4 c5 2. Nf3 d6 3. d4 cxd4 4. Qxd4 a6 5. Nc3 Nf6 6. Bg5 Nbd7 7. Bc4 e5 8.
Qd2 Be7 9. a4 h6 10. Be3 Nb6 11. Bb3 Be6 12. Qd3 Rc8 13. Nd2 Qc7 14. Nd5 Bxd5
15. exd5 O-O 16. c4 Nbd7 17. Bc2 Nc5 18. Qe2 a5 19. O-O Rce8 20. Rab1 Na6 21.
Rbc1 Qc8 22. Nb3 Bd8 23. c5 Nb4 24. cxd6 Nxc2 25. Rxc2 Qf5 26. Rd2 b6 27. Rc1
e4 28. Nd4 Qd7 29. Nb5 Ng4 30. Bf4 g5 31. h3 f5 32. hxg4 gxf4 33. Nc7 fxg4 34.
Ne6 e3 35. fxe3 f3 36. Qc4 h5 37. Nxf8 Rxf8 38. Qe4 Qxd6 39. Qe6+ Qxe6 40. dxe6
Bg5 41. Rc3 h4 42. Rd4 f2+ 43. Kf1 g3 44. Rg4 Rf5 45. Rc8+ Kh7 46. e7 Bxe7 47.
Rc7 Re5 48. Rxh4+ Kg6 49. Rg4+ Kf5 50. Rxg3 Bd6 51. Rc2 Re4 52. Rf3+ Ke6 53. b3
Rb4 54. Rc3 Be5 55. Rd3 b5 56. axb5 Rxb5 57. Kxf2 a4 58. bxa4 Rb2+ 59. Kf1 Ra2
60. Rf2 Rxa4 61. Rc2 Kf5 62. Kf2 Ke4 63. Rb3 Ra1 64. Rc4+ Kd5 65. Rc8 Ke4 66.
Rb4+ Kd3 67. Rd8+ Kc3 68. Rb5 1-0

[Event "Ceske sachove vanoce 2009"]
[Site "Litomysl (CZE)"]
[Date "2010.01.02"]
[Round "9.8"]
[White "Manik, Mikulas"]
[Black "Kanovsky, David"]
[Result "1/2-1/2"]
[WhiteElo "2435"]
[BlackElo "2471"]
[PlyCount "47"]
[EventDate "2009.12.26"]

1. e4 e6 2. d4 d5 3. Nc3 Bb4 4. e5 c5 5. a3 Bxc3+ 6. bxc3 Ne7 7. Qg4 Qc7 8.
Qxg7 Rg8 9. Qxh7 cxd4 10. Ne2 Nbc6 11. f4 dxc3 12. Qd3 Bd7 13. h4 O-O-O 14. h5
Nf5 15. h6 Rg6 16. h7 Rh8 17. Qxc3 Be8 18. Be3 f6 19. exf6 Rxh7 20. Rxh7 Qxh7
21. O-O-O Nxe3 22. Qxe3 Rxf6 23. Nd4 Qe4 24. Qxe4 1/2-1/2

[Event "Ceske sachove vanoce 2009"]
[Site "Litomysl (CZE)"]
[Date "2010.01.02"]
[Round "9.10"]
[White "Hoffmann, Paul"]
[Black "Bujnoch, Radek"]
[Result "1-0"]
[WhiteElo "2355"]
[BlackElo "2196"]
[PlyCount "57"]
[EventDate "2009.12.26"]

1. e4 c5 2. Nf3 Nc6 3. d4 cxd4 4. Nxd4 Nf6 5. Nc3 e5 6. Ndb5 d6 7. Bg5 a6 8.
Na3 b5 9. Nd5 Be7 10. Bxf6 Bxf6 11. c3 O-O 12. Nc2 Bg5 13. a4 bxa4 14. Rxa4 a5
15. Bc4 Rb8 16. b3 Kh8 17. Nce3 g6 18. h4 Bxh4 19. g3 Bg5 20. f4 exf4 21. gxf4
Bh4+ 22. Kd2 Be6 23. Kc1 Bxd5 24. Nxd5 f5 25. exf5 Rxf5 26. Ra2 Bf6 27. Qg4 Ne7
28. Rah2 h5 29. Nxf6 1-0

[Event "Ceske sachove vanoce 2009"]
[Site "Litomysl (CZE)"]
[Date "2010.01.02"]
[Round "9.12"]
[White "Vavra, Pavel"]
[Black "Hellwig, Tobias"]
[Result "0-1"]
[WhiteElo "2351"]
[BlackElo "2114"]
[PlyCount "88"]
[EventDate "2009.12.26"]

1. e4 Nf6 2. Nc3 d5 3. e5 d4 4. Nce2 Ne4 5. c3 dxc3 6. bxc3 Nc5 7. d4 Ncd7 8.
f4 e6 9. Nf3 c5 10. Ng3 Nc6 11. d5 exd5 12. Qxd5 Qa5 13. Qb3 Nd4 14. Nxd4 cxd4
15. Bd2 dxc3 16. Bxc3 Qb6 17. O-O-O Qxb3 18. axb3 Bc5 19. Ne4 O-O 20. Kb2 Be3
21. g3 Nc5 22. Bg2 Bg4 23. Rde1 Nd3+ 24. Ka2 Bb6 25. Nd6 Rac8 26. Nc4 Be6 27.
Bxb7 Rxc4 28. bxc4 Bxc4+ 29. Ka1 Rb8 30. Be4 Nxe1 31. Rxe1 g6 32. Rd1 Rd8 33.
Rxd8+ Bxd8 34. Kb2 Bb6 35. Bb4 Bd4+ 36. Ka3 Bg1 37. Be1 Bxh2 38. Kb4 Be6 39. f5
Bxf5 40. Bxf5 gxf5 41. Kc5 f4 42. gxf4 Bxf4 43. Bc3 h5 44. Kd5 h4 0-1

[Event "Ceske sachove vanoce 2009"]
[Site "Litomysl (CZE)"]
[Date "2010.01.02"]
[Round "9.13"]
[White "Sabol, Marian"]
[Black "Duchrow, Oliver"]
[Result "1-0"]
[WhiteElo "2343"]
[BlackElo "2152"]
[PlyCount "77"]
[EventDate "2009.12.26"]

1. d4 f5 2. e4 fxe4 3. Nc3 Nf6 4. Bg5 Nc6 5. d5 Ne5 6. Qd4 Nf7 7. Bxf6 exf6 8.
Nxe4 f5 9. Ng3 g6 10. h4 h5 11. O-O-O Bh6+ 12. f4 O-O 13. Nf3 Bg7 14. Qd2 Re8
15. Bd3 d6 16. Ne2 c5 17. Neg1 b5 18. c3 Rb8 19. Bb1 Nh6 20. Nh3 Rb7 21. Rhe1
Rbe7 22. Nhg5 Ng4 23. Ne6 Bxe6 24. dxe6 Qa5 25. Ng5 b4 26. c4 d5 27. cxd5 c4
28. Bxf5 c3 29. Qc2 Qxa2 30. b3 Qa1+ 31. Qb1 c2 32. Bxc2 Qa3+ 33. Kd2 Bc3+ 34.
Ke2 Qa6+ 35. Kf3 Rf8 36. Bxg6 Qd6 37. Bf7+ Rexf7 38. exf7+ Rxf7 39. Re8+ 1-0

[Event "Ceske sachove vanoce 2009"]
[Site "Litomysl (CZE)"]
[Date "2010.01.02"]
[Round "9.14"]
[White "Seidl, Antonin"]
[Black "Ponizil, Cyril"]
[Result "0-1"]
[WhiteElo "1963"]
[BlackElo "2304"]
[PlyCount "60"]
[EventDate "2009.12.26"]

1. e4 e6 2. d3 c5 3. g3 Nc6 4. Bg2 g6 5. Nf3 Bg7 6. O-O Nge7 7. c3 d5 8. Nbd2
O-O 9. Re1 b6 10. Nf1 Bb7 11. e5 b5 12. d4 cxd4 13. cxd4 Qb6 14. g4 f6 15. exf6
Bxf6 16. Bh6 Rf7 17. Rxe6 Bc8 18. Rxf6 Rxf6 19. Ne3 Be6 20. Bg5 Rff8 21. Rc1
Rac8 22. Rc5 Rfe8 23. Bf6 h6 24. Ne5 Nxe5 25. Rxc8 Rxc8 26. dxe5 d4 27. Nc2 Qc7
28. Nxd4 Qc1 29. Bf3 Bd5 30. Bxe7 Bxf3 0-1

[Event "Ceske sachove vanoce 2009"]
[Site "Litomysl (CZE)"]
[Date "2010.01.02"]
[Round "9.15"]
[White "Bures, Jaroslav"]
[Black "Kotva, Milan"]
[Result "1-0"]
[WhiteElo "2300"]
[BlackElo "2051"]
[PlyCount "71"]
[EventDate "2009.12.26"]

1. e4 e5 2. Nf3 Nc6 3. Bb5 a6 4. Ba4 Nf6 5. O-O Be7 6. Re1 O-O 7. Bxc6 dxc6 8.
Nxe5 c5 9. d3 Ne8 10. Nc3 f6 11. Nc4 b5 12. Ne3 g6 13. b3 f5 14. exf5 gxf5 15.
Ned5 Bf6 16. Qf3 c6 17. Nxf6+ Qxf6 18. Qg3+ Ng7 19. Bf4 Ra7 20. Re5 Kh8 21.
Rae1 Rg8 22. Rxc5 Qd4 23. Qe3 Qb4 24. a3 Qxa3 25. Rxc6 Rf7 26. Rh6 Re8 27. Be5
Qf8 28. Nd5 f4 29. Bxg7+ Kxg7 30. Qxe8 Kxh6 31. Qxf8+ Rxf8 32. f3 Bb7 33. Re6+
Kg5 34. Re5+ Kg6 35. Kf2 a5 36. Ne7+ 1-0

[Event "Ceske sachove vanoce 2009"]
[Site "Litomysl (CZE)"]
[Date "2010.01.02"]
[Round "9.16"]
[White "Skliba, Martin"]
[Black "Navratil jun., Jiri"]
[Result "1/2-1/2"]
[WhiteElo "2281"]
[BlackElo "1910"]
[PlyCount "39"]
[EventDate "2009.12.26"]

1. d4 d5 2. Nf3 Nc6 3. c4 Bg4 4. cxd5 Bxf3 5. gxf3 Qxd5 6. e3 e5 7. Nc3 Bb4 8.
Bd2 Bxc3 9. bxc3 Nf6 10. c4 Qd6 11. d5 Ne7 12. Rb1 b6 13. Qa4+ Nd7 14. Bh3 c5
15. Rg1 Ng6 16. e4 Ke7 17. Bg5+ Nf6 18. Bf5 Rhd8 19. Qb3 h6 20. Bxf6+ 1/2-1/2

[Event "Ceske sachove vanoce 2009"]
[Site "Litomysl (CZE)"]
[Date "2010.01.02"]
[Round "9.17"]
[White "Jedlicka, Ales"]
[Black "Navratil sen., Jiri"]
[Result "1-0"]
[WhiteElo "2320"]
[BlackElo "2163"]
[PlyCount "43"]
[EventDate "2009.12.26"]

1. d4 d5 2. c4 e6 3. Nc3 Nf6 4. Bg5 Be7 5. Nf3 O-O 6. e3 b6 7. Bxf6 Bxf6 8.
cxd5 exd5 9. Bd3 Re8 10. O-O a5 11. Rc1 Ba6 12. Bxa6 Rxa6 13. a3 c6 14. b4 b5
15. Qd3 axb4 16. axb4 Qd6 17. e4 Qxb4 18. exd5 Ra3 19. dxc6 Nxc6 20. Qxb5 Qd6
21. Nd5 Rc8 22. Nb6 1-0

[Event "Ceske sachove vanoce 2009"]
[Site "Litomysl (CZE)"]
[Date "2010.01.02"]
[Round "9.18"]
[White "Jurkiewicz, Krzysztof"]
[Black "Vrana, Jan"]
[Result "0-1"]
[WhiteElo "2158"]
[BlackElo "2298"]
[PlyCount "59"]
[EventDate "2009.12.26"]

1. d4 d5 2. c4 dxc4 3. Nf3 Nf6 4. e3 e6 5. Bxc4 c5 6. O-O a6 7. a4 Nc6 8. Qe2
cxd4 9. Rd1 Be7 10. exd4 O-O 11. Nc3 Nd5 12. Ne5 Nxe5 13. dxe5 Nxc3 14. bxc3
Qc7 15. Rd4 Bd7 16. Bd3 Rfd8 17. c4 Bc6 18. Bb2 Rxd4 19. Bxd4 Qd7 20. Bb2 Bxa4
21. Ba3 Bxa3 22. Rxa3 g6 23. h4 Bc6 24. h5 Qe7 25. Ra1 Qg5 26. f3 Qxh5 27. Qe3
Rd8 28. Ra2 Qh4 29. f4 Qe7 30. Be4 0-1

[Event "Ceske sachove vanoce 2009"]
[Site "Litomysl (CZE)"]
[Date "2010.01.02"]
[Round "9.19"]
[White "Maciol, Ryszard"]
[Black "Olsarova, Tereza"]
[Result "0-1"]
[WhiteElo "2245"]
[BlackElo "2164"]
[PlyCount "64"]
[EventDate "2009.12.26"]

1. d4 d5 2. c4 c6 3. Nf3 e6 4. Nc3 Nf6 5. Bg5 dxc4 6. e4 b5 7. e5 h6 8. Bh4 g5
9. Nxg5 hxg5 10. Bxg5 Nbd7 11. exf6 Bb7 12. Be2 Qc7 13. Bf3 O-O-O 14. Qc2 Bh6
15. Bxh6 Rxh6 16. Ne4 Rxh2 17. g3 Rxh1+ 18. Bxh1 c5 19. O-O-O cxd4 20. Rxd4
Nxf6 21. Rxd8+ Qxd8 22. Nxf6 Bxh1 23. Qc3 Qd6 24. Qe3 Kb7 25. Ne4 Bxe4 26.
Qxe4+ Qc6 27. Qf4 Qh1+ 28. Kc2 Qh7+ 29. Kc3 Qd3+ 30. Kb4 Kc6 31. Qg5 f5 32. g4
Kb6 0-1

[Event "Ceske sachove vanoce 2009"]
[Site "Litomysl (CZE)"]
[Date "2010.01.02"]
[Round "9.20"]
[White "Cizinsky, Petr"]
[Black "Pecha, Tomas"]
[Result "1/2-1/2"]
[WhiteElo "2062"]
[BlackElo "2236"]
[PlyCount "36"]
[EventDate "2009.12.26"]

1. e4 e5 2. f4 exf4 3. Nf3 d5 4. exd5 Nf6 5. Bc4 Nxd5 6. Qe2+ Be6 7. Nc3 Nxc3
8. dxc3 Qe7 9. Bxe6 Qxe6 10. Qxe6+ fxe6 11. Bxf4 Bd6 12. Bxd6 cxd6 13. O-O-O
Ke7 14. Rhe1 Nc6 15. Nd4 Nxd4 16. cxd4 Rhf8 17. Rd3 Rac8 18. Rde3 Rf6 1/2-1/2